|
|
|
|
| LEADER |
00000nam0a2200000 4500 |
| 001 |
27663 |
| 005 |
20231101205817.0 |
| 010 |
|
|
|a 5864041300
|
| 035 |
|
|
|a (RuTPU)RU\TPU\book\27916
|
| 035 |
|
|
|a BOOK00027991
|
| 090 |
|
|
|a 27663
|
| 100 |
|
|
|a 20011209d2000 m y0rusy50 ca
|
| 101 |
0 |
|
|a rus
|
| 102 |
|
|
|a RU
|
| 105 |
|
|
|a y j 000zy
|
| 200 |
1 |
|
|a Аналитические системы на базе Oracle Express OLAP
|e Проектирование, создание, сопровождение
|f С. Я. Архипенков
|
| 210 |
|
|
|a Москва
|c Диалог-МИФИ
|d 2000
|
| 215 |
|
|
|a 320 с.
|
| 320 |
|
|
|a Библиогр.: с. 314.
|
| 606 |
|
|
|a Oracle
|2 stltpush
|3 (RuTPU)RU\TPU\subj\47279
|9 66334
|
| 610 |
1 |
|
|a программирование
|
| 610 |
1 |
|
|a программные продукты
|
| 610 |
1 |
|
|a Oracle Express
|
| 610 |
1 |
|
|a проектирование
|
| 610 |
1 |
|
|a создание
|
| 610 |
1 |
|
|a базы данных
|
| 610 |
1 |
|
|a презентации
|
| 610 |
1 |
|
|a приложения
|
| 610 |
1 |
|
|a Интернет
|
| 610 |
1 |
|
|a применение
|
| 610 |
1 |
|
|a учебные пособия
|
| 675 |
|
|
|a 681.3.066(07)
|v 3
|
| 700 |
|
1 |
|a Архипенков
|b С. Я.
|g Сергей Яковлевич
|
| 801 |
|
0 |
|a RU
|b 63413507
|c 20011209
|g PSBO
|
| 801 |
|
2 |
|a RU
|b 63413507
|c 20180202
|g PSBO
|
| 900 |
|
|
|a Хранилища данных
|
| 942 |
|
|
|c BK
|